[Event "Kerkinitida Cup Blitz"]
[Site "Evpatoria"]
[Date "2023.09.03"]
[Round "7"]
[White "Tomilova, Elena"]
[Black "Smirnov, Pavel"]
[Result "0-1"]
[WhiteElo "2209"]
[BlackElo "2538"]
[PlyCount "82"]
[EventDate "2023.09.03"]
[EventType "swiss (blitz)"]
[EventRounds "13"]
[EventCountry "UKR"]
[SourceTitle "EXT 2024"]
[Source "ChessBase"]
[SourceDate "2023.10.10"]
[SourceVersion "1"]
[SourceVersionDate "2023.10.10"]
[SourceQuality "1"]

1. d4 Nf6 2. Nf3 d5 3. c4 e6 4. Nc3 c6 5. cxd5 exd5 6. Bg5 h6 7. Bxf6 Qxf6 8. e3 Bd6 9. h3 0-0 10. Bd3 Bf5 11. Rb1 a5 12. a3 Nd7 13. Qc2 Bxd3 14. Qxd3 Qe7 15. 0-0 Rfe8 16. Rfe1 Nf6 17. Nd2 Qc7 18. b4 axb4 19. axb4 b5 20. Qc2 Qe7 21. Qb2 Nd7 22. e4 Nb6 23. e5 Bc7 24. f4 Nc4 25. Nxc4 dxc4 26. d5 Bb6+ 27. Kh1 cxd5 28. Nxd5 Qb7 29. Rbd1 Red8 30. Nxb6 Qxb6 31. Rxd8+ Rxd8 32. f5 Qd4 33. Qe2 Qd2 34. Qxd2 Rxd2 35. e6 fxe6 36. fxe6 Kf8 37. e7+ Ke8 38. Re5 c3 39. Kh2 Rd4 40. Rc5 Rc4 41. Rxb5 c2 0-1

[Event "Yalta Yialos blitz op"]
[Site "Yalta"]
[Date "2023.08.28"]
[Round "10"]
[White "Tomilova, Elena"]
[Black "Brusilovskiy, Boris"]
[Result "1-0"]
[WhiteElo "2209"]
[BlackElo "2067"]
[PlyCount "73"]
[EventDate "2023.08.28"]
[EventType "swiss (blitz)"]
[EventRounds "13"]
[EventCountry "UKR"]
[SourceTitle "EXT 2024"]
[Source "ChessBase"]
[SourceDate "2023.10.10"]
[SourceVersion "1"]
[SourceVersionDate "2023.10.10"]
[SourceQuality "1"]

1. d4 d5 2. Nf3 Nf6 3. c4 c5 4. e3 e6 5. Nc3 Be7 6. a3 a5 7. cxd5 exd5 8. dxc5 Bxc5 9. Bb5+ Bd7 10. 0-0 0-0 11. Bxd7 Qxd7 12. b3 Nc6 13. Bb2 Rad8 14. Na4 Ba7 15. Bxf6 gxf6 16. Rc1 Kh8 17. Nd4 Ne5 18. Nc5 Qg4 19. Qxg4 Nxg4 20. Nxb7 f5 21. Nxd8 Rxd8 22. Nxf5 Rb8 23. Rc7 Bb6 24. Rxf7 Ne5 25. Re7 Ng6 26. Rd7 Bc5 27. Rxd5 Bxa3 28. Rxa5 Bb4 29. Ra4 Bd2 30. h4 h5 31. Rd1 Bc3 32. Rd6 Ne5 33. Ra7 Ng4 34. Rdd7 Rc8 35. Rh7+ Kg8 36. Ne7+ Kxh7 37. Nxc8+ 1-0

[Event "Yalta Yialos blitz op"]
[Site "Yalta"]
[Date "2023.08.28"]
[Round "9"]
[White "Triapishko, Alexandr"]
[Black "Tomilova, Elena"]
[Result "1-0"]
[WhiteElo "2506"]
[BlackElo "2209"]
[PlyCount "58"]
[EventDate "2023.08.28"]
[EventType "swiss (blitz)"]
[EventRounds "13"]
[EventCountry "UKR"]
[SourceTitle "EXT 2024"]
[Source "ChessBase"]
[SourceDate "2023.10.10"]
[SourceVersion "1"]
[SourceVersionDate "2023.10.10"]
[SourceQuality "1"]

1. c4 e5 2. g3 Nf6 3. Bg2 c6 4. Nf3 e4 5. Nd4 d5 6. cxd5 Qxd5 7. e3 Qe5 8. d3 Bb4+ 9. Bd2 Bxd2+ 10. Qxd2 0-0 11. dxe4 Nxe4 12. Qc2 Re8 13. 0-0 c5 14. Nf3 Qf6 15. Nfd2 Nxd2 16. Nxd2 Nc6 17. Qxc5 Qxb2 18. Nc4 Qf6 19. Rac1 Bg4 20. h3 Bf3 21. Qd6 Bxg2 22. Qxf6 gxf6 23. Kxg2 Red8 24. Rfd1 Kf8 25. Nd6 Na5 26. Rc7 Kg8 27. Rd4 h5 28. Nxf7 Rxd4 29. exd4 Re8 1-0

[Event "Yalta Yialos Rapid op"]
[Site "Yalta"]
[Date "2023.08.26"]
[Round "6"]
[White "Tomilova, Elena"]
[Black "Gromov, Mikhail"]
[Result "1-0"]
[WhiteElo "2209"]
[BlackElo "1360"]
[PlyCount "49"]
[EventDate "2023.08.25"]
[EventType "swiss (rapid)"]
[EventRounds "11"]
[EventCountry "UKR"]
[SourceTitle "EXT 2024"]
[Source "ChessBase"]
[SourceDate "2023.10.10"]
[SourceVersion "1"]
[SourceVersionDate "2023.10.10"]
[SourceQuality "1"]

1. d4 Nf6 2. Nf3 g6 3. e3 Bg7 4. Be2 0-0 5. c4 d6 6. Nc3 Nbd7 7. b3 c5 8. Bb2 b6 9. 0-0 Bb7 10. d5 Ng4 11. h3 Nge5 12. Nd2 Nf6 13. f4 Ned7 14. Nf3 Ne4 15. Qc2 Nxc3 16. Bxc3 Nf6 17. e4 Re8 18. e5 Nh5 19. Ng5 Ng3 20. Rf2 h6 21. Nxf7 Nxe2+ 22. Rxe2 Kxf7 23. e6+ Kf8 24. Qxg6 Bxc3 25. Qf7# 1-0

[Event "Yalta Yialos Rapid op"]
[Site "Yalta"]
[Date "2023.08.26"]
[Round "8"]
[White "Tomilova, Elena"]
[Black "Mukhtarova, Anastasiia"]
[Result "1-0"]
[WhiteElo "2209"]
[BlackElo "1835"]
[PlyCount "59"]
[EventDate "2023.08.25"]
[EventType "swiss (rapid)"]
[EventRounds "11"]
[EventCountry "UKR"]
[SourceTitle "EXT 2024"]
[Source "ChessBase"]
[SourceDate "2023.10.10"]
[SourceVersion "1"]
[SourceVersionDate "2023.10.10"]
[SourceQuality "1"]

1. d4 Nf6 2. Nf3 e6 3. e3 c5 4. Bd3 cxd4 5. exd4 Qc7 6. 0-0 b6 7. Bg5 Be7 8. Nc3 a6 9. Re1 Bb7 10. a4 d6 11. Bxf6 Bxf6 12. Ne4 Bxe4 13. Bxe4 Ra7 14. Ra3 0-0 15. d5 exd5 16. Bxd5 Bxb2 17. Ng5 h6 18. Bxf7+ Rxf7 19. Re8+ Rf8 20. Qd5+ Qf7 21. Nxf7 Rxe8 22. Nxd6+ Kf8 23. Rf3+ Bf6 24. Nxe8 Kxe8 25. Qg8+ Ke7 26. Qxb8 Rd7 27. Re3+ Be5 28. Qxe5+ Kf7 29. Qe6+ Kf8 30. Qe8# 1-0

[Event "Yalta Yialos op"]
[Site "Yalta"]
[Date "2023.08.23"]
[Round "8"]
[White "Kirushin, Yuri"]
[Black "Tomilova, Elena"]
[Result "0-1"]
[WhiteElo "1825"]
[BlackElo "2209"]
[PlyCount "58"]
[EventDate "2023.08.16"]
[EventType "swiss"]
[EventRounds "9"]
[EventCountry "UKR"]
[SourceTitle "EXT 2024"]
[Source "ChessBase"]
[SourceDate "2023.10.10"]
[SourceVersion "1"]
[SourceVersionDate "2023.10.10"]
[SourceQuality "1"]

1. e4 e6 2. f4 d5 3. e5 c5 4. Nf3 Nc6 5. Be2 Nh6 6. 0-0 Nf5 7. Re1 c4 8. d4 cxd3 9. Bxd3 Bc5+ 10. Kh1 Nce7 11. Nc3 h5 12. Ng5 Bd7 13. Bb5 a6 14. Bxd7+ Qxd7 15. a3 Rc8 16. Qd3 Nh6 17. Rd1 Ng4 18. Nce4 Qc6 19. Rf1 dxe4 20. Nxe4 Nf5 21. b4 Ba7 22. Nd6+ Nxd6 23. exd6 Rd8 24. Qf3 Rxd6 25. Bb2 Qxf3 26. gxf3 Ne3 27. Rg1 Nxc2 28. Bxg7 Bxg1 29. Rxg1 Rg8 0-1

[Event "Alushta Rapid op"]
[Site "Alushta"]
[Date "2023.07.12"]
[Round "5"]
[White "Shvedova, Maria"]
[Black "Tomilova, Elena"]
[Result "0-1"]
[WhiteElo "1747"]
[BlackElo "2209"]
[PlyCount "108"]
[EventDate "2023.07.11"]
[EventType "swiss (rapid)"]
[EventRounds "11"]
[EventCountry "UKR"]
[SourceTitle "CBM 215 Extra"]
[Source "ChessBase"]
[SourceDate "2023.09.30"]
[SourceVersion "1"]
[SourceVersionDate "2023.09.30"]
[SourceQuality "1"]

1. d4 Nf6 2. c4 e6 3. Nf3 b6 4. a3 Bb7 5. Nc3 d5 6. Bg5 Be7 7. e3 Nbd7 8. Bd3 dxc4 9. Bxc4 Ne4 10. Nxe4 Bxe4 11. Bxe7 Qxe7 12. 0-0 0-0 13. Rc1 c5 14. Bb5 Rfd8 15. Bxd7 Rxd7 16. Ne5 Rdd8 17. Qg4 f5 18. Qf4 cxd4 19. f3 Bb7 20. exd4 Qd6 21. Rfd1 Rac8 22. Rxc8 Rxc8 23. Qd2 Qc7 24. Nd3 Qc4 25. Qe3 Qb3 26. Rd2 Ba6 27. Kf2 Bxd3 28. Rxd3 Qd5 29. Rd2 h6 30. Qe5 Kf7 31. Qxd5 exd5 32. Ke3 g5 33. Kd3 f4 34. Re2 Rc1 35. Re5 Rg1 36. Re2 a5 37. Rc2 h5 38. Re2 Kf6 39. Kc3 Rc1+ 40. Kd2 Rg1 41. Kc3 g4 42. fxg4 hxg4 43. Kd3 Rh1 44. g3 f3 45. Rf2 Kf5 46. Ke3 Re1+ 47. Kd3 Re4 48. h3 gxh3 49. Rxf3+ Kg4 50. Rf8 Kxg3 51. Rg8+ Rg4 52. Re8 h2 53. Re3+ Kf4 54. Rh3 Rg3+ 0-1

[Event "Alushta Rapid op"]
[Site "Alushta"]
[Date "2023.07.11"]
[Round "1"]
[White "Bogomolov, Aleksey"]
[Black "Tomilova, Elena"]
[Result "0-1"]
[WhiteElo "1357"]
[BlackElo "2209"]
[PlyCount "44"]
[EventDate "2023.07.11"]
[EventType "swiss (rapid)"]
[EventRounds "11"]
[EventCountry "UKR"]
[SourceTitle "CBM 215 Extra"]
[Source "ChessBase"]
[SourceDate "2023.09.30"]
[SourceVersion "1"]
[SourceVersionDate "2023.09.30"]
[SourceQuality "1"]

1. e4 c5 2. Nf3 Nc6 3. Bb5 g6 4. Bxc6 dxc6 5. d4 cxd4 6. Qxd4 Qxd4 7. Nxd4 Bg7 8. c3 Nf6 9. f3 0-0 10. Be3 Nd7 11. 0-0 Ne5 12. Na3 c5 13. Nb3 b6 14. Rfd1 Ba6 15. Rd2 f5 16. f4 Ng4 17. Re1 fxe4 18. h3 Nxe3 19. Rxe3 Rxf4 20. Rd7 Rf1+ 21. Kh2 Be5+ 22. g3 Raf8 0-1

[Event "Alushta Rapid op"]
[Site "Alushta"]
[Date "2023.07.11"]
[Round "2"]
[White "Tomilova, Elena"]
[Black "Schupak, Viktor"]
[Result "1-0"]
[WhiteElo "2209"]
[BlackElo "1866"]
[PlyCount "65"]
[EventDate "2023.07.11"]
[EventType "swiss (rapid)"]
[EventRounds "11"]
[EventCountry "UKR"]
[SourceTitle "CBM 215 Extra"]
[Source "ChessBase"]
[SourceDate "2023.09.30"]
[SourceVersion "1"]
[SourceVersionDate "2023.09.30"]
[SourceQuality "1"]

1. d4 d5 2. c4 c6 3. Nf3 Nf6 4. Nc3 a6 5. cxd5 cxd5 6. Bf4 Nc6 7. Rc1 g6 8. h3 Bg7 9. e3 0-0 10. Bd3 Nh5 11. Bh2 e5 12. dxe5 d4 13. exd4 Nxd4 14. g4 Nxf3+ 15. Qxf3 f6 16. gxh5 fxe5 17. Qd5+ Kh8 18. h6 Bf6 19. Qxd8 Rxd8 20. Ne4 Bf5 21. Nxf6 Rxd3 22. Bxe5 Rad8 23. 0-0 Rxh3 24. Rc7 g5 25. Nd5+ Kg8 26. Nf6+ Kh8 27. Re1 Rhd3 28. Nd5+ Kg8 29. Ne7+ Kf7 30. Nxf5+ Kg6 31. Ne3 Kxh6 32. Rg7 Kh5 33. Kg2 1-0

[Event "Sevastopol Waltz Blitz"]
[Site "Sevastopol"]
[Date "2023.06.29"]
[Round "11"]
[White "Triapishko, Alexandr"]
[Black "Tomilova, Elena"]
[Result "1-0"]
[WhiteElo "2506"]
[BlackElo "2209"]
[PlyCount "81"]
[EventDate "2023.06.29"]
[EventType "swiss (blitz)"]
[EventRounds "13"]
[EventCountry "UKR"]
[SourceTitle "CBM 215 Extra"]
[Source "ChessBase"]
[SourceDate "2023.09.30"]
[SourceVersion "1"]
[SourceVersionDate "2023.09.30"]
[SourceQuality "1"]

1. g3 Nf6 2. Bg2 d5 3. Nf3 c6 4. c4 g6 5. b3 Bg7 6. Bb2 0-0 7. 0-0 a5 8. a3 a4 9. cxd5 cxd5 10. b4 Nbd7 11. Ra2 b5 12. Ne5 Qc7 13. Qc1 Ra7 14. Nc6 e5 15. Nxe5 Qd6 16. Nxd7 Bxd7 17. Bd4 Rc7 18. Bc5 Qe6 19. d4 Ne4 20. e3 Re8 21. Nc3 h5 22. Rc2 h4 23. Ne2 Bh6 24. Nf4 Bxf4 25. exf4 h3 26. Bf3 Qf5 27. Re2 g5 28. Rfe1 Bc6 29. Re3 gxf4 30. R3e2 fxg3 31. Bxe4 gxh2+ 32. Kxh2 dxe4 33. Rg1+ Kh7 34. Rg5 Qf3 35. Qe3 Qxe3 36. Rxe3 Bd7 37. Reg3 Rc6 38. Rg7+ Kh6 39. Rxf7 Be6 40. Rf4 Bd5 41. Rh4# 1-0

[Event "Sevastopol Waltz Rapid"]
[Site "Sevastopol"]
[Date "2023.06.28"]
[Round "10"]
[White "Vastrukhin, Oleg"]
[Black "Tomilova, Elena"]
[Result "1-0"]
[WhiteElo "2343"]
[BlackElo "2209"]
[PlyCount "97"]
[EventDate "2023.06.26"]
[EventType "swiss (rapid)"]
[EventRounds "11"]
[EventCountry "UKR"]
[SourceTitle "CBM 215 Extra"]
[Source "ChessBase"]
[SourceDate "2023.09.30"]
[SourceVersion "1"]
[SourceVersionDate "2023.09.30"]
[SourceQuality "1"]

1. d4 Nf6 2. Nf3 b6 3. Bg5 Bb7 4. Nbd2 e6 5. e3 h6 6. Bh4 d6 7. c3 Be7 8. h3 c5 9. Bd3 Nbd7 10. Qe2 Qc7 11. Bg3 a6 12. a4 0-0 13. 0-0 cxd4 14. exd4 Nd5 15. Rfe1 Qb8 16. Bc2 Rc8 17. Qd3 Nf8 18. Nc4 Bc6 19. Ne3 Nxe3 20. fxe3 b5 21. a5 Qb7 22. e4 d5 23. Nd2 b4 24. exd5 Bxd5 25. c4 Bxg2 26. Kh2 Bc6 27. Rg1 Rd8 28. Raf1 f5 29. d5 Bxd5 30. cxd5 Rxd5 31. Qe2 Rad8 32. Nf3 b3 33. Bb1 Bd6 34. Bxd6 R8xd6 35. Rg2 Qb5 36. Qf2 Qxa5 37. Rfg1 Rd7 38. Qe3 Qc7+ 39. Kh1 Kh7 40. Qxb3 Qc6 41. Qe3 Qd6 42. Qc3 g6 43. Qf6 Rg7 44. Re2 Qf4 45. Rf1 Qb8 46. Ba2 Rd3 47. Kg2 Qb7 48. Qxf8 g5 49. Bxe6 1-0